[Event "Robert Silk Chess Fellowship"]
[Site "Canterbury"]
[Date "1973.04.08"]
[Round "1"]
[White "Adorjan, Andras"]
[Black "Stean, Michael Frank"]
[Result "1-0"]
[WhiteElo "2475"]
[BlackElo "2275"]
[PlyCount "49"]
[EventDate "1973.04.08"]
[EventType "tourn"]
[EventRounds "7"]
[EventCountry "ENG"]
[EventCategory "5"]
[SourceTitle "BritBase"]
[Source "John Saunders"]
[SourceDate "2024.02.12"]
[SourceVersion "1"]
[SourceVersionDate "2024.02.12"]
[SourceQuality "1"]

1. e4 c5 2. Nf3 d6 3. d4 cxd4 4. Qxd4 Nc6 5. Bb5 Bg4 $6 6. Nbd2 e5 7. Qd3 Nf6
8. Nc4 Be7 9. Bg5 $1 O-O 10. Bxf6 gxf6 11. Ne3 $1 Be6 12. O-O Kh8 13. c3 Rg8
14. Nh4 Qf8 15. Nhf5 Rg5 16. Kh1 (16. Bc4) 16... Rd8 17. Bc4 Rd7 18. Bd5 Bd8
19. Qc4 Qg8 20. Rad1 Bb6 21. Nh6 (21. Bxe6 fxe6 22. Rxd6) 21... Qg6 22. Nhf5
Bxe3 23. Bxe6 Rxg2 24. Bxd7 Bxf2 25. Qe2 {Source: Chess Life & Review, August
1973, p435} 1-0

[Event "Robert Silk Chess Fellowship"]
[Site "Canterbury"]
[Date "1973.04.08"]
[Round "1"]
[White "Botterill, George Steven"]
[Black "Eley, Brian Ratcliffe"]
[Result "1/2-1/2"]
[WhiteElo "2410"]
[BlackElo "2345"]
[PlyCount "54"]
[EventDate "1973.04.08"]
[EventType "tourn"]
[EventRounds "7"]
[EventCountry "ENG"]
[EventCategory "5"]
[SourceTitle "BritBase"]
[Source "John Saunders"]
[SourceDate "2024.02.12"]
[SourceVersion "1"]
[SourceVersionDate "2024.02.12"]
[SourceQuality "1"]

1. e4 e5 2. Nf3 Nc6 3. d4 exd4 4. Nxd4 Nf6 5. Nxc6 bxc6 6. e5 Nd5 7. c4 Nb6 8.
Bd3 d5 9. exd6 cxd6 10. O-O Be6 11. Re1 Be7 12. Qc2 h6 13. b3 O-O 14. Bb2 Nd7
15. Nd2 Ne5 16. Bxe5 dxe5 17. Nf3 f6 18. Nh4 Bc5 19. Bh7+ Kf7 20. Rad1 Bd4 21.
Qg6+ Ke7 22. Qxg7+ Rf7 23. Ng6+ Kd6 24. Rxd4+ exd4 25. Rxe6+ Kxe6 26. Nf4+ Ke7
27. Ng6+ Ke6 1/2-1/2

[Event "Robert Silk Chess Fellowship"]
[Site "Canterbury"]
[Date "1973.04.09"]
[Round "2"]
[White "Eley, Brian Ratcliffe"]
[Black "Adorjan, Andras"]
[Result "0-1"]
[WhiteElo "2345"]
[BlackElo "2475"]
[PlyCount "70"]
[EventDate "1973.04.08"]
[EventType "tourn"]
[EventRounds "7"]
[EventCountry "ENG"]
[EventCategory "5"]
[SourceTitle "BritBase"]
[Source "John Saunders"]
[SourceDate "2024.02.12"]
[SourceVersion "1"]
[SourceVersionDate "2024.02.12"]
[SourceQuality "1"]

1. e4 g6 2. d4 Bg7 3. Nc3 d6 4. f4 Nf6 5. e5 Nfd7 6. Nf3 c5 7. exd6 O-O 8. dxe7
Qxe7+ 9. Qe2 Qd8 (9... Qd6 {Botterill}) 10. Be3 Re8 11. O-O-O Qa5 12. Qd2 Nc6
13. Kb1 Nf6 14. d5 Nb4 15. a3 Na6 16. Ne5 Ng4 17. Bb5 Rd8 18. d6 Be6 19. Bc4
Bxe5 20. fxe5 Bxc4 21. Bg5 b5 22. Qf4 b4 23. Bxd8 Rxd8 24. Qxc4 bxc3 25. e6 Rb8
26. b3 Ne3 27. Qf4 Rxb3+ 28. cxb3 c2+ 29. Kb2 cxd1=N+ 30. Rxd1 Nxd1+ 31. Kc2
Qc3+ 32. Kxd1 Qxb3+ 33. Kc1 Qxe6 34. Qd2 Qd7 35. Qd5 Nb8 0-1

[Event "Robert Silk Chess Fellowship"]
[Site "Canterbury"]
[Date "1973.04.09"]
[Round "2"]
[White "Markland, Peter Richard"]
[Black "Botterill, George Steven"]
[Result "0-1"]
[WhiteElo "2420"]
[BlackElo "2410"]
[PlyCount "80"]
[EventDate "1973.04.08"]
[EventType "tourn"]
[EventRounds "7"]
[EventCountry "ENG"]
[EventCategory "5"]
[SourceTitle "BritBase"]
[Source "John Saunders"]
[SourceDate "2024.02.12"]
[SourceVersion "1"]
[SourceVersionDate "2024.02.12"]
[SourceQuality "1"]

1. c4 g6 2. g3 Bg7 3. Bg2 e5 4. Nc3 Nc6 5. Rb1 Nf6 6. b4 O-O 7. b5 Ne7 8. Nf3
d5 9. Nxe5 Bf5 10. Rb3 Ne4 11. f4 dxc4 12. Nxe4 cxb3 13. Qxb3 Be6 14. Qc2 Bd5
15. O-O f6 16. Nf3 c6 17. Nc3 Bf7 18. Ba3 Re8 19. Rb1 Qa5 20. Bxe7 Rxe7 21.
bxc6 bxc6 22. Nd4 Qc5 23. e3 Rc8 24. Qa4 Rec7 25. f5 Bf8 26. Bh3 g5 27. Qc2 h5
28. Bg2 Qe5 29. Qa4 c5 30. Ne6 Re7 31. Rf1 Bxe6 32. fxe6 Rd8 33. Qc4 Rxd2 34.
Ne4 Rd8 35. Nxf6+ Kh8 36. Nd7 Qxe3+ 37. Kh1 Bg7 38. Qxc5 Qxe6 39. Qxg5 Rexd7
40. Qxh5+ Qh6 0-1

[Event "Robert Silk Chess Fellowship"]
[Site "Canterbury"]
[Date "1973.04.10"]
[Round "3"]
[White "Stean, Michael Frank"]
[Black "Eley, Brian Ratcliffe"]
[Result "1-0"]
[WhiteElo "2275"]
[BlackElo "2345"]
[PlyCount "103"]
[EventDate "1973.04.08"]
[EventType "tourn"]
[EventRounds "7"]
[EventCountry "ENG"]
[EventCategory "5"]
[SourceTitle "BritBase"]
[Source "John Saunders"]
[SourceDate "2024.02.12"]
[SourceVersion "1"]
[SourceVersionDate "2024.02.12"]
[SourceQuality "1"]

1. e4 e5 2. Nf3 Nc6 3. Bb5 Nf6 4. O-O Nxe4 5. d4 Nd6 6. Bxc6 dxc6 7. dxe5 Nf5
8. Qxd8+ Kxd8 9. Nc3 Ke8 10. h3 h6 11. Bf4 Be7 12. Ne4 Be6 13. g4 Bd5 14. Rfe1
Nh4 15. Nf6+ Kf8 16. Nxh4 gxf6 17. Nf5 Bd8 18. Bxh6+ Kg8 19. Kh2 fxe5 20. Bg7
Rh7 21. Bxe5 Be6 22. Rad1 c5 23. Ne3 Kf8 24. f3 Bh4 25. Bg3 Bf6 26. b3 Kg7 27.
Ng2 c4 28. Nf4 cxb3 29. axb3 Rah8 30. Nxe6+ fxe6 31. Rd7+ Kf8 32. Rxh7 Rxh7 33.
Rxe6 Bd8 34. f4 Rd7 35. Be1 c5 36. Kg2 Rd1 37. h4 Rc1 38. c4 a5 39. Re4 Rb1 40.
Re3 Rc1 41. Kf3 a4 42. bxa4 Rxc4 43. Rc3 Rxa4 44. Rxc5 Ra3+ 45. Ke4 Ra2 46. Kf5
b6 47. Rd5 Be7 48. h5 Rh2 49. Bc3 Rc2 50. Bd4 Rc6 51. g5 Bc5 52. Be5 1-0

[Event "Robert Silk Chess Fellowship"]
[Site "Canterbury"]
[Date "1973.04.11"]
[Round "4"]
[White "Markland, Peter Richard"]
[Black "Stean, Michael Frank"]
[Result "0-1"]
[WhiteElo "2420"]
[BlackElo "2275"]
[PlyCount "62"]
[EventDate "1973.04.08"]
[EventType "tourn"]
[EventRounds "7"]
[EventCountry "ENG"]
[EventCategory "5"]
[SourceTitle "BritBase"]
[Source "John Saunders"]
[SourceDate "2024.02.12"]
[SourceVersion "1"]
[SourceVersionDate "2024.02.12"]
[SourceQuality "1"]

1. c4 g6 2. g3 Bg7 3. Bg2 c5 4. Nc3 Nc6 5. d3 d6 6. e3 e6 7. Nge2 Nge7 8. O-O
O-O 9. d4 cxd4 10. Nxd4 Nxd4 11. exd4 Nf5 12. d5 e5 13. b3 Nd4 14. Bb2 h5 15.
Ne2 Bg4 16. f3 Bf5 17. Nxd4 Qb6 18. Kh1 exd4 19. g4 Bd7 20. gxh5 Rae8 21. hxg6
fxg6 22. Qd2 Bf5 23. b4 Re3 24. Rfd1 Rfe8 25. Re1 Qc7 26. Rac1 Rxe1+ 27. Rxe1
Rxe1+ 28. Qxe1 Qxc4 29. f4 Qxa2 30. Be4 Kf8 31. Bxf5 gxf5 0-1

[Event "Robert Silk Chess Fellowship"]
[Site "Canterbury"]
[Date "1973.04.11"]
[Round "4"]
[White "Wright, Daniel"]
[Black "Botterill, George Steven"]
[Result "1-0"]
[WhiteElo "2340"]
[BlackElo "2410"]
[PlyCount "82"]
[EventDate "1973.04.08"]
[EventType "tourn"]
[EventRounds "7"]
[EventCountry "ENG"]
[EventCategory "5"]
[SourceTitle "BritBase"]
[Source "John Saunders"]
[SourceDate "2024.02.12"]
[SourceVersion "1"]
[SourceVersionDate "2024.02.12"]
[SourceQuality "1"]

1. c4 g6 2. g3 Bg7 3. Bg2 e5 4. Nc3 Nc6 5. Rb1 Nf6 6. b4 O-O 7. e3 d6 8. b5 Ne7
9. Nge2 d5 10. cxd5 Nexd5 11. Nxd5 Nxd5 12. O-O a6 13. a4 axb5 14. axb5 Bg4 15.
Bb2 Qd7 16. f3 Be6 17. f4 f6 18. fxe5 fxe5 19. Rxf8+ Rxf8 20. Nc3 Nxc3 21. Bxc3
b6 22. Qe2 Bd5 23. Bb4 Rd8 24. Bxd5+ Qxd5 25. Rc1 Rd7 26. Rf1 Rf7 27. Rxf7 Kxf7
28. e4 Qd4+ 29. Qf2+ Ke6 30. Qxd4 exd4 31. Kf2 Kd7 32. Ke2 c6 33. bxc6+ Kxc6
34. Kd3 Be5 35. Ba3 Kb5 36. Be7 Ka4 37. Kc4 b5+ 38. Kd5 Bg7 39. e5 b4 40. Bc5
d3 41. e6 b3 1-0

[Event "Robert Silk Chess Fellowship"]
[Site "Canterbury"]
[Date "1973.04.12"]
[Round "5"]
[White "Eley, Brian Ratcliffe"]
[Black "Markland, Peter Richard"]
[Result "1/2-1/2"]
[WhiteElo "2345"]
[BlackElo "2420"]
[PlyCount "90"]
[EventDate "1973.04.08"]
[EventType "tourn"]
[EventRounds "7"]
[EventCountry "ENG"]
[EventCategory "5"]
[SourceTitle "BritBase"]
[Source "John Saunders"]
[SourceDate "2024.02.12"]
[SourceVersion "1"]
[SourceVersionDate "2024.02.12"]
[SourceQuality "1"]

1. e4 c5 2. Nf3 Nc6 3. d4 cxd4 4. Nxd4 Nf6 5. Nc3 d6 6. Bg5 Qa5 7. Bxf6 gxf6 8.
Nb3 Qe5 9. Qd2 f5 10. f4 Qe6 11. Nd4 Nxd4 12. Qxd4 Rg8 13. Nd5 Qxe4+ 14. Qxe4
fxe4 15. Nc7+ Kd8 16. Nxa8 Bd7 17. g3 Bc6 18. Bc4 e6 19. O-O-O b5 20. Be2 Kd7
21. Rhe1 f5 22. Kb1 Be7 23. Rg1 Rxa8 24. g4 Bf6 25. gxf5 exf5 26. Rg3 Ke6 27.
Rh3 Rg8 28. Rg3 Rg6 29. Rxg6 hxg6 30. Rg1 Be8 31. c3 d5 32. Rg3 Be7 33. Rh3 Bd6
34. Rh8 Bf7 35. Rh4 b4 36. Kc2 bxc3 37. bxc3 Kf6 38. a4 Kg7 39. Bb5 Be7 40. Rh3
Bd6 41. Rh4 Bc7 42. Bc6 Be6 43. Be8 Bc8 44. Bc6 Be6 45. Be8 Bd8 {Source:
Dragon, October 1973 (Cambridge University CC bulletin)} 1/2-1/2

[Event "Robert Silk Chess Fellowship"]
[Site "Canterbury"]
[Date "1973.04.13"]
[Round "6"]
[White "Wright, Daniel"]
[Black "Stean, Michael Frank"]
[Result "0-1"]
[WhiteElo "2340"]
[BlackElo "2275"]
[PlyCount "60"]
[EventDate "1973.04.08"]
[EventType "tourn"]
[EventRounds "7"]
[EventCountry "ENG"]
[EventCategory "5"]
[SourceTitle "BritBase"]
[Source "John Saunders"]
[SourceDate "2024.02.12"]
[SourceVersion "1"]
[SourceVersionDate "2024.02.12"]
[SourceQuality "1"]

1. Nf3 g6 2. c4 Bg7 3. Nc3 c5 4. e3 Nf6 5. d4 O-O 6. Be2 cxd4 7. exd4 d5 8.
cxd5 Nxd5 9. O-O Nc6 10. Re1 Bf5 11. Bg5 h6 12. Be3 Rc8 13. Qb3 Nxe3 14. fxe3
e5 15. d5 e4 16. Nd2 Na5 17. Qb4 Bxc3 18. bxc3 Qxd5 19. Nb3 Nxb3 20. axb3 a5
21. c4 axb4 22. cxd5 Rc3 23. Bc4 b5 24. Bxb5 Rxb3 25. d6 Rd8 26. Rab1 Rxb1 27.
Rxb1 Rxd6 28. Rxb4 Rb6 29. Rb1 Bg4 30. Kf2 Bd7 {Source: Dragon, October 1973 
(Cambridge University CC bulletin)} 0-1

[Event "Robert Silk Chess Fellowship"]
[Site "Canterbury"]
[Date "1973.04.14"]
[Round "7"]
[White "Eley, Brian Ratcliffe"]
[Black "Wright, Daniel"]
[Result "1-0"]
[WhiteElo "2345"]
[BlackElo "2340"]
[PlyCount "93"]
[EventDate "1973.04.08"]
[EventType "tourn"]
[EventRounds "7"]
[EventCountry "ENG"]
[EventCategory "5"]
[SourceTitle "BritBase"]
[Source "John Saunders"]
[SourceDate "2024.02.12"]
[SourceVersion "1"]
[SourceVersionDate "2024.02.12"]
[SourceQuality "1"]

1. e4 c5 2. Nf3 d6 3. d4 cxd4 4. Nxd4 Nf6 5. Nc3 g6 6. f4 Nc6 7. Nxc6 bxc6 8.
e5 Nd7 9. exd6 exd6 10. Be3 Qe7 11. Qd4 Bg7 12. Qxg7 Qxe3+ 13. Be2 Rf8 14. Rf1
Ba6 15. Rf3 Qg1+ 16. Bf1 Bxf1 17. O-O-O O-O-O 18. Ne4 Qxg2 19. Rdxf1 Nc5 20.
Nxd6+ Rxd6 21. R3f2 Qd5 22. Qxf8+ Rd8 23. Qh6 Ne4 24. Qh3+ f5 25. Re2 Nd2 26.
b3 Nxf1 27. Qxf1 Qd4 28. Kb1 Qd1+ 29. Qxd1 Rxd1+ 30. Kb2 Kd7 31. Re5 Rh1 32.
Ra5 Rxh2 33. Rxa7+ Kd6 34. b4 Rh4 35. Kb3 Rxf4 36. Rxh7 c5 37. a3 c4+ 38. Kc3
Kd5 39. Rd7+ Kc6 40. Rg7 Rg4 41. a4 f4 42. Rf7 g5 43. a5 Kb5 44. Rf5+ Ka6 45.
Rf6+ Kb7 46. b5 Rg1 47. Rf7+ 1-0

[Event "Robert Silk Chess Fellowship"]
[Site "Canterbury"]
[Date "1973.04.14"]
[Round "7"]
[White "Stean, Michael Frank"]
[Black "Botterill, George Steven"]
[Result "1/2-1/2"]
[WhiteElo "2275"]
[BlackElo "2410"]
[Annotator "Szabo, Laszlo"]
[PlyCount "68"]
[EventDate "1973.04.08"]
[EventType "tourn"]
[EventRounds "7"]
[EventCountry "ENG"]
[EventCategory "5"]
[SourceTitle "BritBase"]
[Source "John Saunders"]
[SourceDate "2024.02.12"]
[SourceVersion "1"]
[SourceVersionDate "2024.02.12"]
[SourceQuality "1"]

1. e4 d6 {"Annotating a game which opens with the so-called Pirc-Ufimtsev
Defense al­ways gives me an uncomfortable feeling. It is not the moves, it is
not the varia­tions, but it is the name of the opening that disturbs me. Who
is the originator of this defense? I have no doubt that Pirc, Ufimtsev, and
even Robatsch and others, worked a great deal on the open­ing moves, but the
idea that 1...d6 is a playable move occurred first to a Hungarian named Antal
Aladar in 1934. If you doubt this, I can show you a booklet of twenty pages,
published in 1934 with the title, “De Hat (d6) (“Hat” is the Hungarian
word for six — pro­nounced hut.)" (Laszlo Szabo, Chess Life & Review,
August 1973, p434)} 2. d4 Nf6 3. Nc3 g6 4. f4 Bg7 5. Nf3 O-O 6. Bd3 Nc6 7. e5
dxe5 8. dxe5 (8. fxe5 Nh5) 8... Nd5 9. Bd2 Ncb4 $5 {First devised by Parma and
Keene during the Berlin tournament of 1971. (Botterill)} 10. Be4 (10. Be2 $5)
10... Nb6 (10... c6 $6) (10... f5 $5) 11. a3 Na6 12. Qe2 Nc5 13. O-O-O Nxe4 14.
Nxe4 (14. Qxe4 c6 15. Be3 Qc7 16. h3 Bf5 17. Bxb6 Qxb6 18. Qe2 Rad8 $11 {
Jansa-Williams, Caorle 1972.}) 14... Qd5 $6 {Do not believe book variations
even if you have written them yourself! Botterill and Keene collaborated on a
book about the Pirc Defence and gave the position as slightly better for Black
after this move. Now Botterill receives a lesson at his own expense. (Szabo)}
15. Bb4 (15. Nc3 {Stean} Qc6 16. Nd4 Qc4 17. Qxc4 Nxc4 18. Nd5 Bg4) 15... Qa2
16. Nc3 Qa1+ 17. Kd2 $1 Rd8+ 18. Ke3 Rxd1 19. Rxd1 Qxb2 20. Kf2 (20. Na4 $1
Nxa4 21. Rd8+ Bf8 22. Bxe7 Qb6+ 23. Kd2 $18 {Szabo}) 20... Bf5 21. Nd4 $6 (21.
Ne1 $1 c5 22. Rb1 Qxb1 23. Nxb1 cxb4 24. axb4 Rc8 {Szabo}) 21... c5 22. Rb1
Qxb1 23. Nxb1 cxd4 24. g4 Be6 25. Kg3 Rc8 26. Qe4 g5 $1 27. f5 $2 {(White
offered a draw)} Bd5 28. Qxd4 Rc4 $1 $19 29. Qe3 Re4 30. Qxg5 h6 $1 31. Qxe7
Bxe5+ 32. Kh4 Bg3+ $2 (32... Re2 $1 33. h3 Re3 $19) 33. Kxg3 Rxe7 34. Bxe7 Be4
{Sources: BCM, May 1973, p192; Chess Life & Review, August 1973, p434} 1/2-1/2